[Event "La Palma Island op"]
[Site "Santa Cruz de La Palma"]
[Date "2023.08.07"]
[Round "4"]
[White "Buchenau, Frank"]
[Black "Bethencourt Hernandez, Alberto"]
[Result "1-0"]
[WhiteElo "2222"]
[BlackElo "1937"]
[PlyCount "51"]
[EventDate "2023.08.05"]
[EventType "swiss"]
[EventRounds "9"]
[EventCountry "ESP"]
[SourceTitle "CBM 215 Extra"]
[Source "ChessBase"]
[SourceDate "2023.09.30"]
[SourceVersion "1"]
[SourceVersionDate "2023.09.30"]
[SourceQuality "1"]

1. e4 c5 2. Nf3 Nc6 3. Bb5 g6 4. Bxc6 dxc6 5. d3 Bg7 6. 0-0 Nf6 7. Bd2 Nd7 8. Qc1 h6 9. a4 e5 10. Na3 Qe7 11. Nc4 Nf8 12. Bc3 f6 13. Nh4 Be6 14. f4 g5 15. fxe5 fxe5 16. Nf5 Bxf5 17. Rxf5 Nd7 18. Qf1 Rf8 19. Rxf8+ Qxf8 20. Qxf8+ Kxf8 21. Nd6 b6 22. Rf1+ Kg8 23. Rf7 Nf8 24. Rc7 Rd8 25. Nf5 Ne6 26. Re7 1-0

[Event "San Cristobal op 3rd"]
[Site "San Cristobal de la Laguna"]
[Date "2021.08.28"]
[Round "1"]
[White "Matamoros Franco, Carlos S"]
[Black "Bethencourt Hernandez, Alberto"]
[Result "1-0"]
[WhiteElo "2486"]
[BlackElo "1770"]
[PlyCount "53"]
[EventDate "2021.08.28"]
[EventType "swiss"]
[EventRounds "9"]
[EventCountry "ESP"]
[SourceTitle "CBM 204 Extra"]
[Source "ChessBase"]
[SourceDate "2021.11.30"]
[SourceVersion "1"]
[SourceVersionDate "2021.11.30"]
[SourceQuality "1"]

1. Nf3 Nf6 2. c4 g6 3. g3 Bg7 4. Bg2 0-0 5. 0-0 d6 6. Nc3 Nc6 7. d4 Nd7 8. Bg5 h6 9. Be3 e5 10. Qd2 exd4 11. Nxd4 Nce5 12. Bxh6 Nxc4 13. Qf4 Be5 14. Qc1 Bxd4 15. Nb5 Bxb2 16. Qxc4 c6 17. Nxd6 Bxa1 18. Rxa1 Qf6 19. Rd1 Nb6 20. Qc1 Rd8 21. Ne4 Rxd1+ 22. Qxd1 Qb2 23. Qd8+ Kh7 24. Nf6+ Qxf6 25. Qxf6 Kxh6 26. Qh8+ Kg5 27. e4 1-0